Διακοσμητική ζωγραφική : Βαλκάνια, Μικρασία, 18ος-19ος αιώνας : μπαρόκ και ροκορό, ανατολίτικη και βυζαντινή κληρονομιά
Αποθηκεύτηκε σε:
| Κύριος συγγραφέας: | |
|---|---|
| Μορφή: | Βιβλίο |
| Γλώσσα: | Greek |
| Δημοσίευση: |
Αθήνα :
Μέλισσα,
c1996.
|
| Σειρά: | Καλλιτεχνική βιβλιοθήκη
|
| Θέματα: | |
| Ετικέτες: |
Προσθήκη ετικέτας
Δεν υπάρχουν, Καταχωρήστε ετικέτα πρώτοι!
|
MARC
| LEADER | 00000cam a2200000 a 4500 | ||
|---|---|---|---|
| 001 | 1/122124 | ||
| 008 | 200924s1996####gr | ||| |||| ||gre|| | ||
| 020 | |a 9602040300 | ||
| 040 | |a GR-MyUa |b gre |c GR-MyUa |e AACR2 | ||
| 041 | 0 | |a gre | |
| 082 | 7 | |a 751.73 |2 (23) | |
| 100 | 1 | |a Γαρίδης, Μίλτος, |d 1926-1996. | |
| 245 | 1 | 0 | |a Διακοσμητική ζωγραφική : |b Βαλκάνια, Μικρασία, 18ος-19ος αιώνας : μπαρόκ και ροκορό, ανατολίτικη και βυζαντινή κληρονομιά / |c Μίλτος Γαρίδης. |
| 260 | |a Αθήνα : |b Μέλισσα, |c c1996. | ||
| 300 | |a 141 σ. : |b εικ. ; |c 29 εκ. | ||
| 490 | 1 | |a (Καλλιτεχνική βιβλιοθήκη) | |
| 504 | |a Βιβλιογραφία: σ. 131-135. Ευρετήριο. | ||
| 650 | 0 | |a Mural painting and decoration, Baroque |z Balkan Peninsula. | |
| 650 | 0 | |a Mural painting and decoration, Baroque |z Turkey. | |
| 650 | 0 | |a Moral painting and decoration, Rococo |z Balkan Peninsula. | |
| 650 | 0 | |a Moral painting and decoration, Rococo |z Turkey. | |
| 830 | 0 | |a Καλλιτεχνική βιβλιοθήκη | |
| 852 | |a INST |b SYROS |c EUDOXUS |e 20200921 |h 751.73 ΓΑΡ |p 005500014801 |q 005500014801 |t EDX |y 0 | ||
| 920 | |a Εύδοξος |b Παραγγελία |y Σύρος-ΤΜΣΠΣ |z 2020-07 | ||
| 970 | |a Κοντού |b Παρασκευή |z 24/09/2020 | ||